| 000 | 00792nam a2200217 a 4500 | ||
|---|---|---|---|
| 008 | 060316s2002 ||||||||||||||||| || u | ||
| 020 | _a0071356231 | ||
| 050 | _aTD791 | ||
| 100 | _aKreith, Frank | ||
| 245 | 1 | 0 |
_aHandbook of solid waste management. (2nd ed.) _cedited George Tchobanoglous |
| 250 | _a2nd ed. | ||
| 260 |
_aNew York : _bMcGraw-Hill _c2002 |
||
| 300 | _a1 v. (various pagings) : ill. | ||
| 350 | _a0.00 | ||
| 490 | _aMcGraw-Hill handbooks | ||
| 500 | _aIncludes bibliographical references | ||
| 650 | _aREFUSE AND REFUSE DISPOSAL | ||
| 700 | _aTchobanoglous, George | ||
| 856 | _uhttp://www.loc.gov/catdir/toc/mh031/2002021284.html | ||
| 995 |
_D0.00 _FCBU-MAIN LIBRARY (Kitwe) _H1 _I52.00 _M1 _UAVAILABLE _ZReference Collection |
||
| 999 |
_c45324 _d45324 |
||